000 00636nam a22002297a 4500
005 20170124110021.0
010 _a469368
020 _c00.00
035 _a469368
037 _bCen Lib/Ret
040 _aDPL
_bEN
082 _a571
_bKUB
100 _aKubie, Nora Benjamin
_919731
245 _aThe first book of archaeology /
_cby Nora Benjamin Kubie
246 _b
260 _aLondon
_bMayflower
_c1961
270 _aMayflower House, 41-45 Neal Street
300 _a63p. :
_c21cm(Hb)
_bcol. ill
650 _aArchaeology
_919732
650 _aArchaeology and history
_919733
942 _2ddc
_cEN
_h571
_mKUB
999 _c127192
_d127192